000 00673cam a2200205 4500
001 ABS62846
008 000000n2000 000 0 eng u
035 _a(Sirsi) u108539
245 _aFocus 2000: Manchester update
260 _c2000
490 _aEstates Gazette
_v(0037) 16 September 2000, 97-123(8)
590 _aABS
650 _aMANCHESTER
650 _aPROPERTY-COMMERCIAL PROPERTY-RETAIL PROPERTY-RETAIL PROPERTY MARKET
650 _aLEISURE MARKET
650 _aPROPERTY-COMMERCIAL PROPERTY-OFFICE PROPERTY-OFFICE PROPERTY MARKET
650 _aRESIDENTIAL DEVELOPMENT
690 _aPROPERTY-COMMERCIAL PROPERTY-COMMERCIAL PROPERTY MARKET
942 _n0
999 _c64810
_d64810